| 000 | 00439nam a2200145Ia 4500 | ||
|---|---|---|---|
| 008 | 230917s9999||||xx |||||||||||||| ||und|| | ||
| 040 |
_e219154 _aMAIN |
||
| 041 | _aEnglish | ||
| 082 | _a331.1095 B75O | ||
| 100 | _aBreman, Jan | ||
| 245 | 0 | _aOutcast labour in Asia: Circulation and informalization of workforce at the bottom of the economy | |
| 260 |
_aNew Delhi _bOxford University Press _c2010 |
||
| 300 | _axii, 391 p. | ||
| 942 | _cBK | ||
| 999 |
_c135018 _d135018 |
||